000 00734nam a2200241 i 4500
001 bg
100 1 _aWALICKI, Edward
245 1 0 _aWytrzymałość materiałów.
_nT. 1,
_pWprowadzenie teoretyczne do laboratorium /
_cEdward Walicki [et al.].
250 _a263 s.
_ail.
260 _aZielona Góra :
_bOficyna Wydawnicza Uniwersytetu Zielonogórskiego,
_c2003.
300 _a263 s. :
_bil. ;
_c24 cm.
504 _aBibliogr.
650 9 _aWytrzymałość materiałów
655 _aPodręczniki akademickie
700 1 _aWALICKI, Edward
020 _a8389321246
040 _cBPK
041 0 _apol
080 _a539.4:620.17](075.8)
920 _a83-89321-24-6
942 _cKS
008 s pl f |000 0 pol
999 _c43944
_d43944
856 _uhttp://koha.tu.koszalin.pl/cgi-bin/koha/opac-detail.pl?biblionumber=43944
_yKatalog online BPK